000 00846nam a2200253 i 4500
001 108784
003 ES-MaACL
005 20260525062931.0
007 t|
008 061121s1961 sp r ||||1| spa d
017 _aM 11311-1961
_bOficina Depósito Legal Madrid
040 _cES-MaACL
100 1 _aMoure-Mariño, Luis
_983892
_eaut
245 1 0 _aFantasías reales :
_balmas de un protocolo /
_cLuis Moure-Mariño.
260 _aMadrid :
_bEspasa Calpe,
_c1961.
300 _a214 páginas ;
_c18 cm.
490 1 _aColección austral ;
_v1306
655 0 _9234319
_aNovelas
830 0 _aColección austral
_v1306
_9177655
852 _aES-MaACL
_jC-20300
_bR.49014
_9112908
_cGalería
_xEncuadernación rústica con solapas
942 _cMONOGRAFIA
_n0
999 _c108784
_d108784